| 000 | 01089nac a22002651u 4500 | ||
|---|---|---|---|
| 008 | 091110t xxu||||| |||| 00| 0 eng d | ||
| 010 | _a 2003283005 | ||
| 020 | _a0444506853 | ||
| 035 | _a(OCoLC)ocm51438153 | ||
| 082 | 0 | 0 |
_a622.18282 _bOIL _222 |
| 100 |
_a20080729 _99277 |
||
| 245 | 0 | 0 |
_aSoft Computing and Intelligent Data Analysis in Oil Exploration / _cEdited by M. Nikravesh, F. Aminzadeh, L.A. Zadeh. |
| 260 |
_aAmsterdam ; _aBoston : _bElsevier, _c2003. |
||
| 300 |
_axxix, 724 p. : _bill. (some col.) ; _c25 cm. |
||
| 490 |
_aDevelopments in petroleum science _v51 |
||
| 504 | _aIncludes bibliographical references and indexes. | ||
| 650 | 0 |
_aPetroleum _xProspecting _xData processing. _99278 |
|
| 650 | 0 |
_aHydrocarbon reservoirs _xComputer simulation. _99279 |
|
| 650 | 0 |
_aSoft computing. _99280 |
|
| 700 | 1 |
_aNikravesh, Masoud, _d1959- _99281 |
|
| 700 | 1 |
_aZadeh, Lotfi Asker. _99283 |
|
| 700 | 1 |
_99282 _aAminzadeh, Fred |
|
| 856 | 4 | 2 |
_3Publisher description _uhttp://www.loc.gov/catdir/enhancements/fy0615/2003283005-d.html |
| 942 |
_cBB _k622.18282OIL _2ddc |
||
| 999 |
_c1902 _d1902 |
||